Реабилитация больных ишемической болезнью сердца после эндоваскулярных вмешательств на постстационарном (диспансерно-поликлиническом) этапе (Запись № 1546258)

Подробности
000 -МАРКЕР
контрольное поле 04181nam0a2200721 4500
001 - ИДЕНТИФИКАТОР ЗАПИСИ
контрольное поле RU\NLR\bibl\1764809
005 - ИДЕНТИФИКАТОР ВЕРСИИ
контрольное поле 20250616125154.0
010 ## - МЕЖДУНАРОДНЫЙ СТАНДАРТНЫЙ НОМЕР КНИГИ (ISBN)
Номер (ISBN) 978-5-9901191-7-8
021 ## - НОМЕР ГОСУДАРСТВЕННОЙ РЕГИСТРАЦИИ
Код страны российская федерация
Номер 2011-25567
Номер Листа государственной регистраци 1821
035 ## - ДРУГИЕ СИСТЕМНЫЕ НОМЕРА
Идентификатор записи (nilc)LIBNET\0000123675
035 ## - ДРУГИЕ СИСТЕМНЫЕ НОМЕРА
Идентификатор записи 2VIL\RUSMED\0000183983
035 ## - ДРУГИЕ СИСТЕМНЫЕ НОМЕРА
Идентификатор записи (NLR Aleph) 001755611
100 ## - ДАННЫЕ ОБЩЕЙ ОБРАБОТКИ
Данные общей обработки 20110413d2011 |||y0rusy50 ca
101 0# - ЯЗЫК РЕСУРСА
Язык текста, звукозаписи и т.д. русский
102 ## - СТРАНА ПУБЛИКАЦИИ ИЛИ ПРОИЗВОДСТВА
Страна публикации российская федерация
105 ## - ПОЛЕ КОДИРОВАННЫХ ДАННЫХ: ТЕКСТОВЫЕ МАТЕРИАЛЫ, МОНОГРАФИЧЕСКИЕ
Кодированные данные о монографическом текстовом документе a |||||||||
200 1# - ЗАГЛАВИЕ И СВЕДЕНИЯ ОБ ОТВЕТСТВЕННОСТИ
Основное заглавие Реабилитация больных ишемической болезнью сердца после эндоваскулярных вмешательств на постстационарном (диспансерно-поликлиническом) этапе
Сведения, относящиеся к заглавию учебное пособие для системы послевузовского и дополнительного профессионального образования врачей
Первые сведения об ответственности Бубнова М.Г., Аронов Д.М., Красницкий В.Б.
Последующие сведения об ответственности под ред. проф. Д.М. Аронова, проф. Д.Г. Иоселиани
-- М-во здравоохранения и соц. равития Рос. Федерации, Федер. гос. учреждение "Гос. науч.-исслед. центр профилакт. медицины"
205 ## - СВЕДЕНИЯ ОБ ИЗДАНИИ
Сведения об издании (2-е изд.)
210 ## - ПУБЛИКАЦИЯ, РАСПРОСТРАНЕНИЕ И ДР.
Место издания, распространения и т.д. Москва
Имя издателя, распространителя и т. д. МегаПро
Дата издания, распространения и т.д. 2011
215 ## - ФИЗИЧЕСКАЯ ХАРАКТЕРИСТИКА
Специфическое обозначение материала и объем 132 с.
Другие сведения о физической характеристике ил., цв. ил.
Размеры 21
606 1# - НАИМЕНОВАНИЕ ТЕМЫ КАК ПРЕДМЕТ
Наименование темы ИШЕМИЧЕСКАЯ БОЛЕЗНЬ СЕРДЦА
Тематический подзаголовок реабилитация
Формальный подзаголовок метод рекомендации
Код системы rus_mesh
Идентификатор авторитетной/нормативной записи R32356-23.1
606 1# - НАИМЕНОВАНИЕ ТЕМЫ КАК ПРЕДМЕТ
Наименование темы MYOCARDIAL ISCHEMIA
Тематический подзаголовок surgery
Код системы rus_mesh
Идентификатор авторитетной/нормативной записи E32356-31.1
606 1# - НАИМЕНОВАНИЕ ТЕМЫ КАК ПРЕДМЕТ
Наименование темы Ишемическая болезнь сердца
Формальный подзаголовок Учебные издания для последипломного образования
Тематический подзаголовок Эндохирургия
-- Реабилитация больных
Системный номер авторитетной/нормативной записи 2617758
Идентификатор авторитетной/нормативной записи RU\NLR\auth\661554318
606 1# - НАИМЕНОВАНИЕ ТЕМЫ КАК ПРЕДМЕТ
Наименование темы MYOCARDIAL ISCHEMIA
Тематический подзаголовок rehabilitation
Код системы rus_mesh
Идентификатор авторитетной/нормативной записи E32356-23.1
606 1# - НАИМЕНОВАНИЕ ТЕМЫ КАК ПРЕДМЕТ
Наименование темы ИШЕМИЧЕСКАЯ БОЛЕЗНЬ СЕРДЦА
Тематический подзаголовок хирургия
Формальный подзаголовок метод рекомендации
Код системы rus_mesh
Идентификатор авторитетной/нормативной записи R32356-31.1
606 1# - НАИМЕНОВАНИЕ ТЕМЫ КАК ПРЕДМЕТ
Наименование темы ЭНДОВАСКУЛЯРНЫЕ ПРОЦЕДУРЫ
Тематический подзаголовок методы
Формальный подзаголовок метод рекомендации
Код системы rus_mesh
Идентификатор авторитетной/нормативной записи R60923-7.1
606 1# - НАИМЕНОВАНИЕ ТЕМЫ КАК ПРЕДМЕТ
Наименование темы ENDOVASCULAR PROCEDURES
Тематический подзаголовок methods
Код системы rus_mesh
Идентификатор авторитетной/нормативной записи E60923-7.1
606 1# - НАИМЕНОВАНИЕ ТЕМЫ КАК ПРЕДМЕТ
Наименование темы АМБУЛАТОРНО-ПОЛИКЛИНИЧЕСКАЯ ПОМОЩЬ
Тематический подзаголовок методы
Формальный подзаголовок метод рекомендации
Код системы rus_mesh
Идентификатор авторитетной/нормативной записи R632-6.1
606 1# - НАИМЕНОВАНИЕ ТЕМЫ КАК ПРЕДМЕТ
Наименование темы AMBULATORY CARE
Тематический подзаголовок methods
Код системы rus_mesh
Идентификатор авторитетной/нормативной записи E632-6.1
686 ## - ИНДЕКСЫ ДРУГИХ КЛАССИФИКАЦИЙ
Индекс 76.29.30
Код системы
686 ## - ИНДЕКСЫ ДРУГИХ КЛАССИФИКАЦИЙ
Индекс 76.29.39
Код системы
686 ## - ИНДЕКСЫ ДРУГИХ КЛАССИФИКАЦИЙ
Индекс 76.35.35
Код системы
686 ## - ИНДЕКСЫ ДРУГИХ КЛАССИФИКАЦИЙ
Индекс 76.01.33
Код системы
686 ## - ИНДЕКСЫ ДРУГИХ КЛАССИФИКАЦИЙ
Индекс C14.280.647 - реабилитация
Издание 2011
Код системы
686 ## - ИНДЕКСЫ ДРУГИХ КЛАССИФИКАЦИЙ
Индекс C14.907.585 - реабилитация
Издание 2011
Код системы
686 ## - ИНДЕКСЫ ДРУГИХ КЛАССИФИКАЦИЙ
Индекс C14.280.647 - rehabilitation
Издание 2011
Код системы
686 ## - ИНДЕКСЫ ДРУГИХ КЛАССИФИКАЦИЙ
Индекс C14.907.585 - rehabilitation
Издание 2011
Код системы
686 ## - ИНДЕКСЫ ДРУГИХ КЛАССИФИКАЦИЙ
Индекс C14.280.647 - хирургия
Издание 2011
Код системы
686 ## - ИНДЕКСЫ ДРУГИХ КЛАССИФИКАЦИЙ
Индекс C14.907.585 - хирургия
Издание 2011
Код системы
686 ## - ИНДЕКСЫ ДРУГИХ КЛАССИФИКАЦИЙ
Индекс C14.280.647 - surgery
Издание 2011
Код системы
686 ## - ИНДЕКСЫ ДРУГИХ КЛАССИФИКАЦИЙ
Индекс C14.907.585 - surgery
Издание 2011
Код системы
686 ## - ИНДЕКСЫ ДРУГИХ КЛАССИФИКАЦИЙ
Индекс E04.100.814.529 - методы
Издание 2011
Код системы
686 ## - ИНДЕКСЫ ДРУГИХ КЛАССИФИКАЦИЙ
Индекс E04.800.382 - методы
Издание 2011
Код системы
686 ## - ИНДЕКСЫ ДРУГИХ КЛАССИФИКАЦИЙ
Индекс E04.100.814.529 - methods
Издание 2011
Код системы
686 ## - ИНДЕКСЫ ДРУГИХ КЛАССИФИКАЦИЙ
Индекс E04.800.382 - methods
Издание 2011
Код системы
686 ## - ИНДЕКСЫ ДРУГИХ КЛАССИФИКАЦИЙ
Индекс E02.760.106 - методы
Издание 2011
Код системы
686 ## - ИНДЕКСЫ ДРУГИХ КЛАССИФИКАЦИЙ
Индекс N02.421.585.106 - методы
Издание 2011
Код системы
686 ## - ИНДЕКСЫ ДРУГИХ КЛАССИФИКАЦИЙ
Индекс E02.760.106 - methods
Издание 2011
Код системы
686 ## - ИНДЕКСЫ ДРУГИХ КЛАССИФИКАЦИЙ
Индекс N02.421.585.106 - methods
Издание 2011
Код системы
686 ## - ИНДЕКСЫ ДРУГИХ КЛАССИФИКАЦИЙ
Индекс Р457.365.014-598.9я77
700 #1 - ИМЯ ЛИЦА - ПЕРВИЧНАЯ ОТВЕТСТВЕННОСТЬ
Начальный элемент ввода Бубнова
Часть имени, кроме начального элемента ввода М. Г.
Расширение инициалов личного имени Марина Геннадьевна
Код отношения Автор
701 #1 - ИМЯ ЛИЦА - АЛЬТЕРНАТИВНАЯ ОТВЕТСТВЕННОСТЬ
Начальный элемент ввода Аронов
Часть имени, кроме начального элемента ввода Д. М.
Расширение инициалов личного имени Давид Меерович
Код отношения Автор
701 #1 - ИМЯ ЛИЦА - АЛЬТЕРНАТИВНАЯ ОТВЕТСТВЕННОСТЬ
Начальный элемент ввода Красницкий
Часть имени, кроме начального элемента ввода В. Б.
Расширение инициалов личного имени Владимир Борисович
801 #0 - ИСТОЧНИК ЗАПИСИ
Страна российская федерация
Организация ЦНМБ
Дата составления 20110413
Правила каталогизации PSBO
801 #1 - ИСТОЧНИК ЗАПИСИ
Страна российская федерация
Организация ЦНМБ
Дата составления 20110413
801 #2 - ИСТОЧНИК ЗАПИСИ
Страна российская федерация
Организация ЦНМБ
Дата составления 20110421
801 #2 - ИСТОЧНИК ЗАПИСИ
Страна российская федерация
Организация NLR
Дата составления 20110428
Правила каталогизации rcr
830 ## - ОБЩЕЕ ПРИМЕЧАНИЕ, СОСТАВЛЕННОЕ КАТАЛОГИЗАТОРОМ
Текст примечания авт. по ЭК
942 ## - ДОПОЛНИТЕЛЬНЫЕ ЭЛЕМЕНТЫ ЗАПИСИ (АБИС)
Тип экземпляра АБИС Книга
980 ## - КОЛЛЕКЦИЯ
Название коллекции Национальная библиография
980 ## - КОЛЛЕКЦИЯ
Название коллекции НБР
Экземпляры
Тип экземпляра Дата поступления Источник поступления Библиотека постоянного хранения Библиотека текущего хранения Место хранения Шифр хранения Штрих-код Статус не для выдачи
Книга 28.04.2011 Обязательный экземпляр РНБ (Московский) РНБ (Московский) Русский книжный фонд: издания с 1957 года, 8этаж 2011-3/14238 1-2505201  
Книга 28.04.2011 Обязательный экземпляр РНБ (Московский) РНБ (Московский) Русский книжный фонд: издания с 1957 года, 8этаж 2011-3/14238 3408864